000 00333nam a2200145Ia 4500
005 20251222144841.0
008 251222s9999||||xx |||||||||||||| ||spa||
020 _a8470501976
082 _a200/R52
100 _aRibera, Juan de
245 0 _aSermones
250 _a1ra. ed.
264 _bEdiciones Corpus Christi
942 _cLIB
999 _c21232
_d21232